书目信息 |
| 题名: |
老年社会工作案例评析
|
|
| 作者: | 范明林 主编 | |
| 分册: | ||
| 出版信息: | 上海 华东理工大学出版社 2010.07 |
|
| 页数: | 210页 | |
| 开本: | 23cm | |
| 丛书名: | 社会工作案例研究丛书 | |
| 单 册: | ||
| 中图分类: | D669.6 | |
| 科图分类: | ||
| 主题词: | 老年人--社会工作--案例--分析--中国 , 老年人 , 社会工作 | |
| 电子资源: | ||
| ISBN: | 978-7-5628-2842-6 | |
| 000 | 01022oam2 2200289 450 | |
| 001 | 010050004144 | |
| 005 | 20120628153823.23 | |
| 010 | @a978-7-5628-2842-6@dCNY38.00 | |
| 100 | @a20100902d2010 em y0chiy0110 ea | |
| 101 | 0 | @achi |
| 102 | @aCN@b310000 | |
| 105 | @aak z 000yy | |
| 106 | @ar | |
| 200 | 1 | @a老年社会工作案例评析@9lao nian she hui gong zuo an li ping xi@f范明林主编 |
| 210 | @a上海@c华东理工大学出版社@d2010.07 | |
| 215 | @a210页@c图@d23cm | |
| 225 | 2 | @a社会工作案例研究丛书 |
| 300 | @a“十一五”国家重点图书 由上海浦东新区社会发展基金会资助出版 | |
| 330 | @a本书以案例分析的方式,详细阐述了老年社会工作的基本知识,着重结合案例介绍老年社会工作的价值伦理和实务原则、增权取向的老年社会工作方法。 | |
| 461 | 0 | @12001 @a社会工作案例研究丛书@1701 0@a马伊里@4主编 |
| 606 | 0 | @a老年人@x社会工作@x案例@x分析@y中国 |
| 606 | 0 | @a老年人 |
| 606 | 0 | @a社会工作 |
| 690 | @aD669.6@v4 | |
| 701 | 0 | @a范明林@9fan ming lin@4主编 |
| 801 | 0 | @aCN@bRENTIAN@c20100902 |
| 905 | @b541592-95@dD669.6@e125@f4 | |
| 老年社会工作案例评析/范明林主编.-上海:华东理工大学出版社,2010.07 |
| 210页:图;23cm.-(社会工作案例研究丛书) |
| “十一五”国家重点图书 由上海浦东新区社会发展基金会资助出版 |
| ISBN 978-7-5628-2842-6:CNY38.00 |
| 本书以案例分析的方式,详细阐述了老年社会工作的基本知识,着重结合案例介绍老年社会工作的价值伦理和实务原则、增权取向的老年社会工作方法。 |
| ● |
| 相关链接 |
|
|
|
|
正题名:老年社会工作案例评析
索取号:D669.6/125
 
预约/预借
| 序号 | 登录号 | 条形码 | 馆藏地/架位号 | 状态 | 备注 |
| 1 | 541592 | 205415923 | 第一样本阅览室/ [索取号:D669.6/125] | 在馆 | |
| 2 | 541593 | 205415932 | 第一借阅区/ [索取号:D669.6/125] | 在馆 | |
| 3 | 541594 | 205415941 | 第一借阅区/ [索取号:D669.6/125] | 在馆 | |
| 4 | 541595 | 205415950 | 密集书库-海洋学院/ [索取号:D669.6/125] | 在馆 |